Statistics for Biggest Cities in the United States

Click here to take the quiz!

General Stats

  • This quiz has been taken 54 times
  • The average score is 35 of 50

Answer Stats

Population(estimated)City% Correct
8.490.000New York City
98%
2.720.000Chicago
96%
3.930.000Los Angeles
96%
1.280.000Dallas
94%
2.240.000Houston
92%
410.000Miami
92%
1.540.000Phoenix
92%
1.560.000Philadelphia
90%
850.000San Francisco
90%
670.000Seattle
90%
660.000Boston
88%
1.440.000San Antonio
88%
1.380.000San Diego
88%
660.000Washington,D.C.
88%
450.000Atlanta
84%
660.000Denver
84%
610.000Las Vegas
84%
410.000Minneapolis
82%
380.000New Orleans
82%
680.000Detroit
80%
910.000Austin
78%
850.000Indianapolis
78%
850.000Jacksonville
78%
390.000Cleveland
75%
620.000Portland
75%
660.000Memphis
73%
650.000Nashville
73%
620.000Baltimore
71%
810.000Charlotte
71%
840.000Columbus
71%
470.000Kansas City
71%
620.000Oklahoma City
71%
1.020.000San Jose
71%
490.000Sacramento
69%
600.000Milwaukee
65%
680.000El Paso
61%
810.000Fort Worth
61%
440.000Raleigh
57%
610.000Louisville
55%
450.000Omaha
51%
410.000Oakland
49%
530.000Tucson
49%
450.000Colorado Springs
43%
400.000Tulsa
43%
450.000Virginia Beach
43%
390.000Wichita
39%
520.000Fresno
33%
470.000Long Beach
31%
560.000Albuquerque
27%
460.000Mesa
25%

Score Distribution

Percentile by Number Answered

Percent of People with Each Score

Your Score History

You have not taken this quiz